| 000 | 00592cam a2200181 4500500 | ||
|---|---|---|---|
| 005 | 20251228090734.0 | ||
| 041 | _afre | ||
| 042 | _adc | ||
| 100 | 1 | 0 |
_aSavin, Pierre _eauthor |
| 700 | 1 | 0 |
_aMartin, Hervé _eauthor |
| 700 | 1 | 0 |
_aHaye, François _eauthor |
| 700 | 1 | 0 |
_aCaradec, Jean-Yves _eauthor |
| 245 | 0 | 0 | _aPages de fin |
| 260 | _c2015. | ||
| 500 | _a21 | ||
| 786 | 0 | _nBulletin de l’Amitié Charles Péguy | 152 | 4 | 2015-04-11 | p. 413-413 | 0180-8567 | |
| 856 | 4 | 1 | _uhttps://shs.cairn.info/revue-bulletin-de-lamitie-charles-peguy-2015-4-page-413?lang=fr&redirect-ssocas=7080 |
| 999 |
_c1602646 _d1602646 |
||